Statistics for Genshin Impact Characters by Color Blocks #1

Click here to take the quiz!

General Stats

  • This quiz has been taken 98 times
  • The average score is 10 of 11

Answer Stats

Answer% Correct
Venti
99%
Xiangling
97%
Tartaglia
96%
Amber
95%
Lisa
95%
Thoma
95%
Aether
92%
Xiao
92%
Qiqi
90%
Dori
89%
Bennett
81%

Score Distribution

Percentile by Number Answered

Percent of People with Each Score

Your Score History

You have not taken this quiz